000 00904nam a2200289 a 4500
001 1527490
003 Nust
005 20220831094127.0
008 900312s1991 nyu 000 1 eng
010 _a 90052944
020 _a9780340994405
_cRs. 476
038 _aArshad
040 _aDLC
_cDLC
050 0 0 _aPR6062.E33
_bS43 1991
082 0 0 _a823
_bCAR
100 1 _aLe Carré, John,
_d1931-
_911818
245 1 4 _aThe secret pilgrim
_cJohn le Carré.
250 _a1st ed.
260 _aNew York :
_bKnopf :
_bDistributed by Random House,
_c1991.
300 _a408 p ;
_c25 cm.
650 _aIntelligence service
_9520
650 _aSecret service
_911979
650 _aSmiley, George (Fictitious character)
_911980
906 _a7
_bcbc
_corignew
_d1
_eocip
_f19
_gy-gencatlg
942 _2ddc
_cBK
999 _c173313
_d173313